000 00467nam a2200121Ia 4500
008 250110s9999 xx 000 0 und d
041 _aeng
100 _aGaikwad Rudhi
_9204909
245 _aLandscape Policies For Integrating Well -Being Through Blue-Green Infrastructure Network By Connecting Panchavati Tapovan & Nasardi River Nashik
260 _bBNCA M Arch Landscape Architecture
_aPune
_c2023
300 _a1`32p
700 _aGuide Name:Khatavkar Anupama
_9211000
999 _c364683
_d364683